00457nam a2200121Ia 4500008004100000100002300041245007900064245006200143260004300205260000900248650001200257856006600269160809s9999 xx 000 0 und d aAdetola, Bukola O. aTourist Satisfaction with Attractions of Idanre Hills, Ondo State, Nigeria cBukola O. Adetola, IfeoluwaB. Adewumi, HenryT. Olonimoyo. bAmerican Journal of Tourism Management c2016 xTOURISM uhttp://www.sapub.org/journal/currentissue.aspx?journalid=1071